| 000 | 00964cam a22002652 4500 | ||
|---|---|---|---|
| 001 | 0000019419 | ||
| 005 | 20151217145914.0 | ||
| 008 | 101115s xx 000 0 eng d | ||
| 020 | _a0421901704 : | ||
| 040 |
_aKABU _cKABU |
||
| 100 | 1 |
_aFreeman, Michael. _@0000160163 |
|
| 245 | 1 | 0 |
_aUnderstanding family law / _cMichael Freeman. |
| 250 | _a1st ed. | ||
| 260 |
_aLondon : _bSweet & Maxwell, _c2007. |
||
| 300 | _aiv, 578 p. | ||
| 650 | 0 |
_aDomestic relations _zGreat Britain. _@0000160162 |
|
| 650 | 0 |
_aParent and child (Law) _zGreat Britain. _@0000179204 |
|
| 852 | 1 | _9p2623.60 KES | |
| 852 | 1 | _9p4390 KES | |
| 852 | 1 | _9p2340 KES | |
| 852 | 1 | _9p2340 KES | |
| 852 | 1 | _9p4390 KES | |
| 908 | _a101115 | ||
| 950 | _@1 | ||
| 999 |
_c3927 _d3927 |
||